| 000 | 01001nam2a22002891 4500 | ||
|---|---|---|---|
| 001 | v19\rc\1378421 | ||
| 005 | 20250618090133.0 | ||
| 035 | _a(NLR Aleph) 004514363 | ||
| 090 |
_a4801805 _c4801805 |
||
| 100 | _a20060512d1869 |||y0rusy50 ca | ||
| 101 | 0 | _arus | |
| 102 | _aRU | ||
| 105 | _ay z ||||| | ||
| 200 | 0 |
_aза 1867 год _eС прил. |
|
| 210 |
_d1869 _aБ. м. |
||
| 215 | _a551 с. разд. паг. | ||
| 461 | 0 |
_1001v19\rc\1378420 _12001#$aОтчет Миссионерского общества...$vза 1867 год _94801799 _aМиссионерское о-во (Петербург) _cСанкт-Петербург _d1866-1869 _tОтчет Миссионерского общества... _vза 1867 год |
|
| 801 | 0 |
_aRU _bNLR _gpsbo |
|
| 801 | 0 |
_aRU _bRuMoRGB _2psbo |
|
| 801 | 1 |
_aRU _bProSoft-M _2rusmarc |
|
| 852 |
_aNLR _j18.56.6.30 |
||
| 899 |
_aRuMoRGB _jG 92/58 |
||
| 899 |
_aRuMoRGB _jE 80/553 |
||
| 899 | _aБАН | ||
| 899 | _aНБ СПбГУ | ||
| 942 | _cBOOK | ||
| 980 | _aNB | ||